Normal view
MARC view
- القلق(علم النفس) -- القياس النفسي -- الاختبارات النفسية
Entry Topical Term
001 - CONTROL NUMBER
- control field: 56611
003 - CONTROL NUMBER IDENTIFIER
- control field: JO-AjAnu
005 - DATE AND TIME OF LATEST TRANSACTION
- control field: 20230606083257.0
008 - FIXED-LENGTH DATA ELEMENTS
- fixed length control field: 230606|| aca||aabn | a|a d
040 ## - CATALOGING SOURCE
- Original cataloging agency: JO-AjAnu
- Transcribing agency: JO-AjAnu
150 ## - HEADING--TOPICAL TERM
- Topical term or geographic name entry element: القلق(علم النفس) -- القياس النفسي -- الاختبارات النفسية
670 ## - SOURCE DATA FOUND
- Source citation: Work cat.: (JO-AjAnu)28886: اعداد علي محمد احمد فريحات؛ إشراف احمد يوسف قواسمة, author 56610, أثر عدد فئات تدريج الاستجابة لمقياس سمة القلق في خصائصه السيكومتري = The Effect of the Number of Response Categories of A Trait Anxiety Scale on the Psychometric Properties